000
00280nam a22001097a 4500
082
_a
621.381528 COW'A
100
_a
COWLES, LAURENCE G
_9
79618
245
_a
ANALYSIS AND DESIGN OF TRANSISTOR CIRCUITS
260
_a
NEWJERSCY
_b
D. VAN NOSTRAND
_c
1966
300
_a
309P
942
_c
BK
999
_c
584643
_d
584643